00722nam a22002057a 4500999001900000005001700019010001500036020002600051035001400077037001300091082001400104245011200118260003900230270001600269300002000285700002800305700001900333942002800352952013600380 c193026d19302620221014105008.0 aENG-135403 a9789380705668c800.00 aEN-118935 bDBAD/PUB a361.95454 aStatistical Hand Book of LWE Affected Blocks In Odisha/cEdited by Sanjay Kumar Mohapatra and Sridhar Panda aOdishabGovernment Of Odishac2017 bBhubaneswar a403p.c25cm(hb) aMohapatra, Sanjay Kumar aPanda, Sridhar 2ddccENmSTAh361.95454 001040708NFICaBNbBNd2022-10-14eDBAD/PUBg800.00l0o361.95454 STApEN-118935r2022-10-14 00:00:00t1v800.00w2022-10-14yEN